| Tag |
First Indicator |
Second Indicator |
Subfields |
| LEADER |
00000cam a22000004a 4500 |
| 001 |
in00001597713 |
| 005 |
20151022175201.0 |
| 008 |
000404s2001 nyu b 001 0 eng |
| 010 |
|
|
|a 00038780
|
| 020 |
|
|
|a 0815628471 (alk. paper)
|
| 020 |
|
|
|a 081562848X (pbk. : alk. paper)
|
| 035 |
|
|
|a (OCoLC)ocm43811273
|
| 040 |
|
|
|a DLC
|c DLC
|d C#P
|d VVC
|d UtOrBLW
|
| 042 |
|
|
|a pcc
|
| 049 |
|
|
|a TXAM
|
| 050 |
0 |
0 |
|a G67
|b .P63 2001
|
| 082 |
0 |
0 |
|a 910/.922
|2 21
|
| 245 |
0 |
0 |
|a Placing autobiography in geography /
|c edited by Pamela Moss.
|
| 250 |
|
|
|a 1st ed.
|
| 264 |
|
1 |
|a Syracuse, N.Y. :
|b Syracuse University Press,
|c 2001.
|
| 300 |
|
|
|a xiv, 235 pages ;
|c 22 cm.
|
| 336 |
|
|
|a text
|b txt
|2 rdacontent
|
| 337 |
|
|
|a unmediated
|b n
|2 rdamedia
|
| 338 |
|
|
|a volume
|b nc
|2 rdacarrier
|
| 490 |
1 |
|
|a Space, place, and society
|
| 505 |
0 |
|
|a Writing one's life / Pamela Moss -- Home--reach--journey / Anne Buttimer -- Been there, done that, what's next?: did theory smother my discipline when I wasn't looking? / John Eyles -- Through the glass darkly: re-collecting my academic life / Kevin Archer -- A queer journey to queer geography / Lawrence Knopp -- "You want to be careful you don't end up like Ian. He's all over the place": autobiography in/of an expanded field / Ian Cook -- A self-reflective exploration into development research / Robin Roth -- A journey into autobiography: a coal miner's daughter / Rachel Saltmarsh -- Autobiography, autoethnography, and intersubjectivity: analyzing communication in Northern Pakistan / David Butz -- Many roads: the personal lives of women geographers / Janice Monk -- Engaging autobiography / Pamela Moss.
|
| 504 |
|
|
|a Includes bibliographical references (pages 201-227) and index.
|
| 650 |
|
0 |
|a Geographers
|v Biography.
|
| 650 |
|
0 |
|a Geography
|x Study and teaching (Higher)
|
| 650 |
|
0 |
|a Autobiography
|x Study and teaching (Higher)
|
| 700 |
1 |
|
|a Moss, Pamela,
|d 1960-
|
| 830 |
|
0 |
|a Space, place, and society.
|
| 945 |
|
|
|i PromptCat
|
| 994 |
|
|
|a 92
|b TXA
|
| 948 |
|
|
|a cataloged
|b h
|c 2001/3/7
|d c
|e jlanham
|f 3:12:02 pm
|
| 999 |
|
|
|a MARS
|
| 999 |
f |
f |
|s ee3a1eb6-0e88-315f-9d3d-40492845e20f
|i e0caaec5-1501-3660-a3f5-6a70b7d1ddce
|t 0
|
| 952 |
f |
f |
|p normal
|a Texas A&M University
|b College Station
|c Sterling C. Evans Library
|d Evans: Library Stacks
|t 0
|e G67 .P63 2001
|h Library of Congress classification
|i unmediated -- volume
|m A14827386123
|
| 998 |
f |
f |
|a G67 .P63 2001
|t 0
|l Evans: Library Stacks
|